Hospodářská politika evropských zemí na prahu třetího milénia
Úloha štátu v ekonomike. Problém posilňovania resp. oslabovania úlohy štátu v ekonomike. Úloha štátu v ekonomike a ekonomický rast. Úloha štátu v ekonomike a miera inflácie. Porovanie vybraných skupín krajín.
Guardado en:
| Autor principal: | |
|---|---|
| Formato: | Capítulo de libro |
| Lenguaje: | checo |
| Materias: | |
| Etiquetas: |
Sin Etiquetas, Sea el primero en etiquetar este registro!
|
MARC
| LEADER | 00000naa$a2200000$$$4500 | ||
|---|---|---|---|
| 001 | 0092024 | ||
| 005 | 20231128130247.8 | ||
| 041 | 0 | |a cze | |
| 044 | |a CZ | ||
| 245 | 1 | 0 | |a Hospodářská politika evropských zemí na prahu třetího milénia |c Christiana Kliková |
| 520 | |a Úloha štátu v ekonomike. Problém posilňovania resp. oslabovania úlohy štátu v ekonomike. Úloha štátu v ekonomike a ekonomický rast. Úloha štátu v ekonomike a miera inflácie. Porovanie vybraných skupín krajín. | ||
| 610 | 2 | 0 | |a politika hospodárska |
| 610 | 2 | 0 | |a porovnanie medzinárodné |
| 610 | 2 | 0 | |a štát |
| 610 | 2 | 0 | |a miera inflácie |
| 610 | 2 | 0 | |a rast hospodársky |
| 100 | 1 | |a Kliková, Christiana | |